000 00325nam a2200133 i 4500
001 bg
100 1 _aWOLTER, Werner
245 0 _aPlanowanie ksztaƂcenia kadr kwalifikowanych /
_cWerner Wolter.
260 _aWarszawa,
_c1983.
040 _cBPK
041 _apol
942 _cKS
008 s pl f |000 0 pol
999 _c21842
_d21842
856 _uhttp://koha.tu.koszalin.pl/cgi-bin/koha/opac-detail.pl?biblionumber=21842
_yKatalog online BPK